000 00432pab a2200169 454500
008 180718b2001 xxu||||| |||| 00| 0 eng d
100 _aRaman, B.
245 _aRights and wrongs of sting operations
260 _c2001
300 _ap.14
362 _a22 Mar
650 _aIndia - Politics and government
650 _aPolitical corruption - India
650 _aCorruption
773 _aHindu (Business Line)
909 _a48595
999 _c48595
_d48595